Cómo convertirse en un hábil investigador.

সংরক্ষণ করুন:
গ্রন্থ-পঞ্জীর বিবরন
প্রধান লেখক: Booth, Wayne C
অন্যান্য লেখক: Colomb, Gregory G, Williams, Joseph M
বিন্যাস: গ্রন্থ
ভাষা:স্প্যানিশ
প্রকাশিত: Barcelona, España: Gedisa, 2001.
মালা:Biblioteca de Educación Herramientas Universitarias. 6
বিষয়গুলি:
ট্যাগগুলো: ট্যাগ যুক্ত করুন
কোনো ট্যাগ নেই, প্রথমজন হিসাবে ট্যাগ করুন!

MARC

LEADER 00000cam a2200000 a 4500
001 UCH0933
003 CL-VaPUC
005 20240123115305.0
008 090402e20010000SP |||||||||||||||||spa|d
999 |c 333101  |d 333099 
020 |a 8474328179 
020 |a 9788474328172 
040 |c Pontificia Universidad Católica de Valparaíso 
082 0 4 |a 001.4 BOO 2001  |2 21 
100 0 |a Booth, Wayne C  |9 535308 
245 1 0 |a Cómo convertirse en un hábil investigador. 
260 0 3 |a Barcelona, España:  |b Gedisa,  |c 2001. 
300 |a 318 páginas. 
490 0 |a Biblioteca de Educación Herramientas Universitarias.  |v 6 
583 |a last modification  |c 20140107 02:48:45  |k Rodrigo Vera 
650 7 |a Técnicas de investigación   |2 CL-VaPUC  |9 535311 
650 7 |a Redacción de informes técnicos  |2 CL-VaPUC  |9 451734 
650 0 |a Ciencia   |9 872470  |x Metodología  
650 0 |a Investigación científica  |9 259857 
650 0 |a Técnicas de redacción   |9 460283 
700 0 |a Colomb, Gregory G  |9 535309 
700 0 |a Williams, Joseph M  |9 535310 
942 |c BK  |2 ddc 
945 |d 20090402 00:00:00  |a rbrito 
952 |0 0  |1 0  |2 ddc  |4 0  |6 001_400000000000000_BOO_2001  |7 0  |8 A  |9 421270  |a BIBARQ  |b BIBARQ  |d 2019-11-22  |i 452960K  |o 001.4 BOO 2001  |p 452960K  |r 2025-01-20  |t 1  |w 2019-11-22  |y BK  |k ARQ 
952 |0 0  |1 0  |2 ddc  |4 0  |6 001_400000000000000_BOO_2001  |7 0  |8 A  |9 421271  |a BIBHIS  |b BIBHIS  |d 2019-11-22  |i 4619285  |l 2  |o 001.4 BOO 2001  |p 4619285  |r 2025-01-20  |s 2024-04-19  |t 3  |w 2019-11-22  |y BK  |k HIS 
952 |0 0  |1 0  |2 ddc  |4 0  |6 001_400000000000000_BOO_2001  |7 0  |8 ED_SUP  |9 421272  |a BIBGIM  |b BIBGIM  |c S_PSTGRDO  |d 2019-11-22  |i 4776720  |o 001.4 BOO 2001  |p 4776720  |r 2025-01-15  |t 4  |w 2019-11-22  |y BK_X  |k ESU 
952 |0 0  |1 0  |2 ddc  |3 erb  |4 0  |6 001_400000000000000_BOO_2001  |7 0  |8 A  |9 421273  |a BIBING  |b BIBING  |i 5045185  |l 2  |o 001.4 BOO 2001  |p 5045185  |r 2025-01-20  |s 2023-03-21  |t 2  |w 2019-11-22  |y BK  |z Catalogado en:20140109  |k GEO 
952 |0 0  |1 0  |4 0  |6 001_000000000000000_BOO_2001  |7 0  |8 C  |9 431094  |a BIBCUR  |b BIBCUR  |d 2019-11-22  |i 4554914  |l 1  |o 001 BOO 2001  |p 4554914  |r 2025-04-22  |s 2024-06-24  |w 2019-11-22  |y BK  |k CAC 
952 |0 0  |1 0  |2 ddc  |4 0  |6 001_400000000000000_BOO_2001  |7 0  |8 A  |9 587299  |a BIBARQ  |b BIBARQ  |c GEN  |d 2022-10-14  |e 3  |g 34359.00  |i 5655231  |l 3  |m 1  |o 001.4 BOO 2001  |p 5655231  |r 2025-01-20  |s 2024-05-17  |t 6  |v 34359.00  |w 2022-10-14  |y BK  |k ARQ